000 00745nam a2200193Ii 4500
003 JO-AjNU
008 230605s9999||||xx |||||||||||||| ||und||
040 _aJO-AjNU
_bara
_erda
_cJO-AjNU
041 _aara
050 1 4 _aBP166.2.M6344 1992
100 3 _aعبيد، محمد رشدي,
_eauthor
_914948
245 0 0 _aالإيمان بالله جل جلاله في ضوء العلم والعقل
264 3 1 _aبيروت-دمشق: دار القادري للطباعة والنشر والتوزيع، 1992
300 _a124ص
336 _atext
_btxt
_2rdacontent
337 _aunmediated
_bn
_2rdamedia
338 _avolume
_bnc
_2rdacarrier
650 4 _aالله جل جلاله- الايمان- الالهيات- الصفات والذات
_914949
999 _aA4108
_c7676
_d7676